| 000 | 00692nam a2200169 i 4500 | ||
|---|---|---|---|
| 001 | 146303 | ||
| 003 | ES-MaACL | ||
| 005 | 20230906201502.0 | ||
| 007 | t| | ||
| 008 | 070906s1950 sp ||||1| spa d | ||
| 245 | 0 | 0 |
_aTratado sobre validez de títulos académicos y ejercicio de profesiones entre el Estado Español y la República de Filipinas. Manila 4 de marzo de 1949 / _cMinisterio de Asuntos Exteriores. |
| 260 |
_aMadrid, _c1950 ( _fImp. del Ministerio de Asuntos Exteriores) |
||
| 300 |
_a4 p. ; _c23 cm. |
||
| 500 | _aPrecede al tít.: Ministerio de Asuntos Exteriores. | ||
| 710 | 0 | 0 |
_aEspaña. _bMinisterio de Asuntos Exteriores. _93845 |
| 852 |
_aES-MaACL _j1909-F-22 _bR.29654 |
||
| 999 |
_c146303 _d146303 |
||